El eternauta /
Guardado en:
| Autor Principal: | |
|---|---|
| Otros Autores: | |
| Formato: | Libro |
| Publicado: |
Buenos Aires :
Doedytores,
2011.
|
| Materias: | |
| Etiquetas: |
Agregar Etiqueta
Sin Etiquetas, Sea el primero en etiquetar este registro!
|
| LEADER | 00893nam a22002415a 4500 | ||
|---|---|---|---|
| 001 | EHU.bham052604 | ||
| 008 | 250820s2011#######a##########000#0#####d | ||
| 005 | 20250820103812.0 | ||
| 245 | 0 | 0 | |a El eternauta / |c Héctor Germán Oesterheld, dibujos de Francisco Solano López. |
| 260 | |a Buenos Aires : |b Doedytores, |c 2011. | ||
| 300 | |a 368 p. | ||
| 500 | |a Edición especial. Programa: El héroe colectivo. | ||
| 020 | |a 9789879085523 | ||
| 100 | 1 | |a Oesterheld, Héctor Germán. | |
| 700 | 1 | |a Solano López, Francisco, dibuj. | |
| 082 | A | 8 | |a A868.4 Oc29 |
| 653 | |a Literatura argentina-1950- | ||
| 653 | |a Arte gráfico argentino | ||
| 653 | |a Historieta argentina | ||
| 653 | |a Literatura argentina y dictadura militar | ||
| 653 | |a Dictadura militar argentina-1976-1983-escritores víctimas de la | ||
| 653 | |a Miscelánea argentina | ||
| 859 | |a AR-BHAM |b BIB. HUMANIDADES - General |h A868.4 |i Oe29 |p 122.25 | ||
